000 00681nam a2200193 i 4500
001 164906
003 ES-MaACL
005 20250313063304.0
008 001129s1859 fr |||| | fre d
100 1 _aSchiller, Friedrich,
_d1759-1805
_9104361
245 1 0 _aPoésies /
_cde Schiller ; traduction nouvelle par Ad. Regnier.
260 _aParís :
_bLibrairie de L. Hachette et Cie.,
_c1859 (
_fImp. de Ch. Lahure et Cie.)
300 _aXVI, 590 p. ;
_c23 cm.
490 1 _aOeuvres de Schiller ;
_v1
700 1 _aRegnier, Adolphe.
_9168568
830 0 _aOeuvres de Schiller ;
_v1
_9188505
852 _aES-MaACL
_jB-1230
_z- Enc. hol.
999 _c164906
_d164906